| 000 | 01458nam a2200373 c 4500 | ||
|---|---|---|---|
| 001 | 4243 | ||
| 003 | ES-MaCES | ||
| 005 | 20200226040005.0 | ||
| 008 | 961014s1996 sp ||| | spa d | ||
| 035 | _aCES19980042781m | ||
| 040 |
_aES-MaCES _bspa _cES-MaCES |
||
| 245 | 0 | 0 |
_aAcuerdo sobre consolidación y racionalización del sistema de Seguridad Social _b: [en el marco de las recomendaciones del Pacto de Toledo] : 9 de octubre de 1996 _c[partes firmantes del Acuerdo, el Gobierno de la Nación y las organizaciones sindicales, Comisiones Obreras y Unión General de Trabajadores] |
| 260 |
_a[Madrid] _b[s.n.] _c1996 |
||
| 300 |
_a19 h. _c30 cm |
||
| 650 | 4 |
_aEspaña _926964 |
|
| 650 | 4 |
_arégimen universal de prestaciones _930153 |
|
| 650 | 4 |
_aadministración de la seguridad social _930264 |
|
| 650 | 4 |
_aracionalización _928206 |
|
| 650 | 4 |
_acotizaciones _930106 |
|
| 650 | 4 |
_ajubilación _928360 |
|
| 650 | 4 |
_aprestaciones de vejez _927041 |
|
| 650 | 4 |
_arégimen de pensión _927042 |
|
| 650 | 4 |
_aprotección complementaria _930466 |
|
| 650 | 4 |
_aregímenes especiales de Seguridad Social _931067 |
|
| 650 | 4 |
_aaplicación _929859 |
|
| 650 | 4 |
_apredicción _928899 |
|
| 650 | 4 |
_a2000 _930991 |
|
| 653 | 1 | 0 | _aSeguridad Social |
| 710 | 2 |
_aComisiones Obreras _92105 |
|
| 710 | 2 |
_aUnión General de Trabajadores de España _95144 |
|
| 902 | _aDOC Literatura gris | ||
| 942 |
_2CES _cBK _h3.0. |
||
| 999 |
_c4243 _d4243 |
||